000 00688cam a22002171 4500
001 ca 17002488
003 DLC
005 20260227111104.0
008 811027s1898 cauaf 000 0 eng
010 _aca 17002488
035 _a(OCoLC)7881055
040 _aDLC
_cOKentU
_dDLC
042 _apremarc
050 0 0 _aPF3117
_b.C65 1898
100 1 _aColby, W. Irving
_q(William Irving),
_d1852-1906.
245 1 4 _aDer leitstern.
_bAn advanced conversational book.
_cBy W. Irving Colby.
250 _a2. ed.
260 _aOakland, Cal.,
_bW. Irving Colby ;
_aSyracuse, N.Y.,
_bG.A. Mosher,
_c1898.
300 _a158 p.
_billus., plates (1 col.)
_c20 cm.
650 0 _aGerman language
_xReaders.
999 _c15180
_d15180